00354 a2200121 4500001000900000005001700009008004100026245004600067100002400113700002900137773004900166999001700215ART_621320260410161825.0260409a 10aLa inmigración italiana a Mar del Plata1 aKhatchikian, Miguel1 aMurray, María Cristina0 tFACESg- Año 2, Nº 3 (dic. 1996)wREV5046 c22719d22719